LEADER 01969nam 2200433z- 450 001 9910476899503321 005 20210528 010 $a1000085512 035 $a(CKB)5470000000567028 035 $a(oapen)https://directory.doabooks.org/handle/20.500.12854/70087 035 $a(oapen)doab70087 035 $a(EXLCZ)995470000000567028 100 $a20202105d2021 |y 0 101 0 $ager 135 $aurmn|---annan 181 $ctxt$2rdacontent 182 $cc$2rdamedia 183 $acr$2rdacarrier 200 00$aUntersuchung und Modellierung des Haltezeiteinflusses auf die zyklische Entfestigung ferritisch-martensitischer Sta?hle 210 $aKarlsruhe$cKIT Scientific Publishing$d2021 215 $a1 online resource (224 p.) 225 1 $aSchriftenreihe des Instituts für Angewandte Materialien, Karlsruher Institut für Technologie 311 08$a3-7315-0837-0 330 $aFerritic-martensitic steels are established structural materials for high-temperature applications. However, these steels show characteristic softening under cyclic loading. Based on a comprehensive mechanical characterization, a coupled viscoplastic model was established to describe cyclic softening and lifetime of ferritic-martensitic steels under combined creep-fatigue loading. 606 $aMechanical engineering & materials$2bicssc 610 $acreep fatigue interaction 610 $acyclic softening 610 $aferritic-martensitic steel 610 $aFerritisch-martensitische Sta?hle 610 $aKriechermu?dung 610 $aviscoplastic modeling 610 $aviskoplastische Modellierung 610 $azyklische Entfestigung 615 7$aMechanical engineering & materials 700 $aFührer$b Ulrich$4auth$01296190 906 $aBOOK 912 $a9910476899503321 996 $aUntersuchung und Modellierung des Haltezeiteinflusses auf die zyklische Entfestigung ferritisch-martensitischer Stähle$93023877 997 $aUNINA LEADER 02991nam 2200805 a 450 001 9910970764403321 005 20250924110510.0 010 $a9783110252903 010 $a3110252902 024 7 $a10.1515/9783110252903 035 $a(CKB)2560000000079402 035 $a(EBL)835448 035 $a(OCoLC)772845190 035 $a(SSID)ssj0000589623 035 $a(PPN)158193954 035 $a(PQKBManifestationID)12206291 035 $a(PQKBTitleCode)TC0000589623 035 $a(PQKBWorkID)10657341 035 $a(PQKB)11448241 035 $a(MiAaPQ)EBC835448 035 $a(DE-B1597)123361 035 $a(OCoLC)1002274413 035 $a(OCoLC)979600507 035 $a(OCoLC)984658389 035 $a(OCoLC)987954475 035 $a(OCoLC)992508276 035 $a(OCoLC)999378115 035 $a(DE-B1597)9783110252903 035 $a(Au-PeEL)EBL835448 035 $a(CaPaEBR)ebr10527873 035 $a(CaONFJC)MIL628112 035 $a(Perlego)652298 035 $a(iGPub)CSPLUS0033305 035 $a(EXLCZ)992560000000079402 100 $a20110824d2012 uy 0 101 0 $aeng 135 $aur|n|---||||| 181 $ctxt 182 $cc 183 $acr 200 00$aCurrent methods in historical semantics /$fedited by Kathryn Allan, Justyna A. Robinson 205 $a1st ed. 210 $aBerlin $cDe Gruyter Mouton$dc2012 215 $a1 online resource (356 p.) 225 1 $aTopics in English linguistics,$x1434-3452 ;$v73 300 $aDescription based upon print version of record. 311 08$a9781306968614 311 08$a1306968615 311 08$a9783110252880 311 08$a3110252880 320 $aIncludes bibliographical references and indexes. 327 $asection 1. Data and sources -- section 2. Corpus-based methods -- section 3. Theoretical approaches. 330 $aInnovative, data-driven methods provide more rigorous and systematic evidence for the description and explanation of diachronic semantic processes. The volume systematises, reviews, and promotes a range of empirical research techniques and theoretical perspectives that currently inform work across the discipline of historical semantics. In addition to emphasising the use of new technology, the potential of current theoretical models (e.g. within variationist, sociolinguistic or cognitive frameworks) is explored along the way. 410 0$aTopics in English linguistics ;$v73. 606 $aSemantics, Historical 606 $aEnglish language$xSemantics, Historical 615 0$aSemantics, Historical. 615 0$aEnglish language$xSemantics, Historical. 676 $a417/.7 676 $a417.7 686 $aET 410$2rvk 701 $aAllan$b Kathryn$0698532 701 $aRobinson$b Justyna A$01848733 801 0$bMiAaPQ 801 1$bMiAaPQ 801 2$bMiAaPQ 906 $aBOOK 912 $a9910970764403321 996 $aCurrent methods in historical semantics$94436049 997 $aUNINA